000
00250nam a2200097Ia 4500
001
1170179
005
20251202151149.0
008
250824s9999 xx 000 0 und d
245
0
_a
UZAYIN DERİN KARANLIĞI
_c
BARIŞ TOPRAK
260
_b
FİHRİST KİTAP
999
_c
1170179
_d
1170179